Informe final del Ejercicio Profesional Supervisado, realizado en Cooperativa Integral de Ahorro y Crédito Codel, R.L., ubicada en Playa Grande, Ixcan, Quiché (Registro nro. 1780)

Detalles MARC
000 -LEADER
campo de control de longitud fija 04259nam a22003257i 4500
001 - NÚMERO DE CONTROL
campo de control TCPA 56
003 - IDENTIFICADOR DE NÚMERO DE CONTROL
campo de control gtcocun
005 - FECHA Y HORA DE LA ÚLTIMA TRANSACCIÓN
campo de control 20250910224734.0
006 - CÓDIGOS DE INFORMACIÓN DE LONGITUD FIJA--CARACTERÍSTICAS DEL MATERIAL ADICIONAL
campo de control de longitud fija a||||gr|||| 00| 0
007 - CAMPO FIJO DE DESCRIPCIÓN FÍSICA--INFORMACIÓN GENERAL
campo de control de longitud fija ta
008 - DATOS DE LONGITUD FIJA--INFORMACIÓN GENERAL
campo de control de longitud fija 250910b2018 gt ||||| m||| 00| 0 eng d
040 ## - FUENTE DE CATALOGACIÓN
Centro catalogador/agencia de origen gtcocun
Lengua de catalogación SPA
Centro/agencia transcriptor gtcocun
Normas de descripción RDA
041 ## - CÓDIGO DE IDIOMA
Código de lengua del texto/banda sonora o título independiente SPA
084 ## - OTRO NÚMERO DE CLASIFICACIÓN
Número de control del registro de autoridad o número normalizado TCPA 56
100 ## - ENTRADA PRINCIPAL--NOMBRE DE PERSONA
Nombre de persona Ramírez Matías, Ruben
Término indicativo de función/relación Autor
245 ## - MENCIÓN DEL TÍTULO
Título Informe final del Ejercicio Profesional Supervisado, realizado en Cooperativa Integral de Ahorro y Crédito Codel, R.L., ubicada en Playa Grande, Ixcan, Quiché
Mención de responsabilidad, etc. Ruben Ramírez Matías
Medio Impreso
264 ## - PRODUCCIÓN, PUBLICACIÓN, DISTRIBUCIÓN, FABRICACIÓN Y COPYRIGHT
Producción, publicación, distribución, fabricación y copyright Cobán, Alta Verapaz:
Nombre del de productor, editor, distribuidor, fabricante Universidad de San Carlos de Guatemala, Centro Universitario del Norte, Licenciatura en Contaduría Pública y Auditoría.
Fecha de producción, publicación, distribución, fabricación o copyright 2018
300 ## - DESCRIPCIÓN FÍSICA
Extensión 51 p.:
Otras características físicas Ilustraciones, gráficas.
Dimensiones 28 cm;
336 ## - TIPO DE CONTENIDO
Fuente rdacontenido
Término de tipo de contenido Texto
Código de tipo de contenido txt
337 ## - TIPO DE MEDIO
Fuente rdamedio
Nombre/término del tipo de medio Computadora
Código del tipo de medio n
338 ## - TIPO DE SOPORTE
Fuente rdasoporte
Nombre/término del tipo de soporte Código en línea
Código del tipo de soporte cr
502 ## - NOTA DE TESIS
identificador de la tesis .
502 ## - NOTA DE TESIS
Nota de tesis Tesis de grado
Tipo de título Licenciatura en Contaduría Pública y Auditoría.
Nombre de la institución que otorga el título Universidad de San Carlos de Guatemala, Centro Universitario del Norte, Licenciatura en Contaduría Pública y Auditoría.
Año de obtención del título 2018
Identificador de la tesis TCPA 56
520 1# - RESUMEN, ETC.
Sumario, etc. La Universidad de San Carlos de Guatemala (USAC), a través del Centro<br/>Universitario del Norte y la carrera de Contaduría Pública y Auditoría, ha<br/>impulsado el Ejercicio Profesional Supervisado (EPS), para cumplir con uno de<br/>los objetivos como entidad educativa del nivel superior; por medio del cual el<br/>estudiante manifiesta los conocimientos adquiridos a lo largo de los años de<br/>formación profesional y con ello confrontar la teoría con la práctica, coadyuvando<br/>de esta manera en la búsqueda de soluciones a los problemas que aquejan a las<br/>instituciones sujetas a intervención.<br/><br/>La Cooperativa Integral de Ahorro y Crédito CODEL, R.L., está ubicada en la<br/>zona 1, de la cabecera municipal de Ixcán, del departamento del Quiché; es una<br/>entidad que se dedica a otorgar créditos a sus asociados, percibir de sus<br/>asociados los ahorros corrientes y a plazo fijo, las aportaciones; así mismo<br/>ofrece los servicios por concepto de pago de remesas, efectuar cobros por<br/>cuenta ajena por los servicios de luz y teléfono.<br/><br/>Como etapa inicial, se realizó un diagnostico en la cooperativa a través de un<br/>proceso investigativo del que se obtuvo el conocimiento de la estructura interna<br/>de la entidad, así como las actividades contables y administrativas que realiza.<br/>Como resultado de la ejecución de las distintas actividades orientadas a<br/>solucionar la problemática, se describen las acciones y actividades realizadas<br/>durante el proceso; para la solución de cada uno de los problemas identificados,<br/>se desarrolló un plan de trabajo con acciones específicas para realizar una<br/>adecuada labor.<br/>En tal sentido, se consiguió en primer lugar actualizar los registros<br/>contables de la entidad correspondiente a los años 2013 y 2014; así mismo, se<br/>realizó la implementación y aceptación del manual de políticas y procedimientos<br/>contables, como instrumento de información en el que se identifican de forma<br/>secuencial y cronológica, las operaciones que deben seguirse para la realización<br/>de las operaciones y transacciones contables de la cooperativa.<br/><br/>Se realizó la ejecución del manual de cumplimiento para la prevención del<br/>lavado de dinero u otros activos y financiamiento del terrorismo, como una<br/>valiosísima herramienta de control interno, que permitirá a la cooperativa, en<br/>primer lugar cumplir con la normativa legal vigente en el país y en segunda<br/>instancia, fortalecer los procedimientos que se venían desarrollando.<br/><br/>Finalmente se elaboraron las respectivas conclusiones para dar respuesta a<br/>los objetivos planteados al inicio de la práctica y, se realizaron las<br/>recomendaciones necesarias según sea el caso.
650 14 - PUNTO DE ACCESO ADICIONAL DE MATERIA--TÉRMINO DE MATERIA
Fuente del encabezamiento o término LEMB
Término de materia o nombre geográfico como elemento de entrada Playa Grande, Ixcán, El Quiché
Subdivisión general registros contables
-- politicas y procedimientos
-- financiamiento del terrorismo
700 ## - ENTRADA AGREGADA--NOMBRE PERSONAL
Nombre de persona Lic. Miguel Alberto Klug Caal
Término indicativo de función/relación Asesor
856 ## - LOCALIZACIÓN Y ACCESO ELECTRÓNICOS
Identificador Uniforme de Recurso <a href="https://drive.google.com/file/d/1eaIrL_EUetN_NjY1B4fpdHqaSdPq7bbh/view?usp=sharing">https://drive.google.com/file/d/1eaIrL_EUetN_NjY1B4fpdHqaSdPq7bbh/view?usp=sharing</a>
Texto de enlace PDF
Nota pública Un ejemplar en línea.
942 ## - ELEMENTOS DE ENTRADA SECUNDARIOS (KOHA)
Fuente de la clasificación o esquema de estantería Clasificación Decimal Dewey
Tipo de ítem Koha TESIS
Parte de la signatura que identifica el ejemplar (Parte del ítem) TCPA_56
Prefijo de la signatura Clasificación
Suprimir en OPAC No
-- TCPA__56
Existencias
Estatus retirado Estado de pérdida Fuente de la clasificación o esquema de estantería Estado de daño No para préstamo Colección Biblioteca de origen Biblioteca actual Ubicación en estantería Fecha de adquisición Número de inventario Total de préstamos Signatura topográfica completa Código de barras Visto por última vez Precio de reemplazo Tipo de ítem Koha
    Clasificación Decimal Dewey     tesis BIBLIOTECA- CUNOR -JOSÉ LUIS GONZALES ROSALES BIBLIOTECA- CUNOR -JOSÉ LUIS GONZALES ROSALES Colección tesis 10/09/2025 TCPA 056   TCPA 056 TCPA 056 10/09/2025 10/09/2025 TESIS